|
|
|
|
| LEADER |
01453aam a22003858a 4500 |
| 001 |
00035639 |
| 005 |
20171026081025.0 |
| 008 |
161215s2014 ||||||Viesd |
| 041 |
0 |
# |
|a Vie
|
| 082 |
1 |
# |
|a 025.4
|b H561D
|
| 100 |
0 |
# |
|a Phạm, Quang Quyền
|
| 245 |
1 |
0 |
|a Hướng dẫn xây dựng thư viện điện tử bằng phần mềm mã nguồn mở
|c Phạm Quang Quyền; Hiệu đính: Đoàn Phan Tân; Đỗ Văn Hùng
|
| 260 |
# |
# |
|a Hà Nội
|b Thế giới
|c 2014
|
| 300 |
# |
# |
|a 200tr
|c 21cm.
|b Minh họa
|
| 490 |
0 |
# |
|a Tủ sách nghiệp vụ thư viện
|
| 500 |
# |
# |
|a Đầu trang nhan đề ghi:Bộ Văn hóa, Thể thao và Du lịch
|
| 504 |
# |
# |
|a Tài liệu tham khảo: cuối chính văn
|
| 653 |
# |
# |
|a Kỹ năng
|
| 653 |
# |
# |
|a Tồ chức
|
| 653 |
# |
# |
|a Phần mềm
|
| 700 |
1 |
# |
|a Nguyễn Thị Kim Loan
|e Đồng tổng chủ biên
|
| 700 |
1 |
# |
|a Nguyễn Thị Thanh Mai
|e Đồng tổng chủ biên
|
| 700 |
1 |
# |
|a Đoàn Phan Tân
|e Hiệu đính
|
| 700 |
1 |
# |
|a Đỗ Văn Hùng
|e Hiệu đính
|
| 710 |
2 |
# |
|a Bộ Văn hóa, Thể thao và Du lịch
|
| 852 |
# |
# |
|j KD.0017225
|
| 852 |
# |
# |
|b Kho đọc
|j KD.0017225
|
| 910 |
|
|
|d 15/12/2016
|
| 980 |
# |
# |
|a Trung tâm Học liệu Lê Vũ Hùng, Trường Đại học Đồng Tháp
|